000 00255nam a22001097a 4500
008 170124b xxu||||| |||| 00| 0 eng d
020 _a9780323036900
041 _aeng
080 _27TH
_a618.2
245 _aMEDICAL-SURGICAL NURSING
_cLEWIS
942 _2udc
_cBK
999 _c3461
_d3461